000
00196 a2200097 4500
001
2385
100
_a
Moore,FK
245
_a
Theory of Laminar flows
260
_a
_b
Oxford
_c
090
_c
1734
_d
1734
942
_a
NUST-CAE
_c
M
_c
8158
999
_c
237458
_d
237458